000 03055nam a2200277 i 4500
001 155490
003 ES-MaACL
005 20250909175451.0
008 940202m18901894sp af e |||| |dspa d
080 _a94(100)
245 0 0 _aHistoria universal /
_cescrita parcialmente por reputados profesores alemanes ; bajo la dirección del... historiógrafo Guillermo Oncken... ; traducción directa del alemán revisada por Nemesio Fernández Cuesta.
260 _aBarcelona :
_bMontaner y Simón,
_c1890-1894.
300 _a16 v., 490 lám. :
_bil. col. y n. ;
_c32 cm.
500 _aFalta: v. XIV.
505 8 _aContiene: I. Historia del antiguo Egipto. Historia de Babilonia y Asiria. Historia de la India antigua (300, 416, 215 p.) -- II. Historia de la antigua Persia. Historia de los fenicios Historia de Grecia y Roma ( 9, 108, 520 p.) -- III. Historia del pueblo de Israel. Historia del Imperio romano (540, 328 p.) -- IV. Historia primitiva de los pueblos germánicos y romanos (822 p.) -- V. Historia de los anglo-sajones hasta la muerte del rey Alfredo. El islamismo en Oriente y en Occidente. Historia de las Cruzadas (68, 500, 176 p.) -- VI. Historia de los estados de Occidente durante la Edad Media. Historia del Imperio bizantino y de la monarquía turca (648, 291 p.) -- VII El Renacimiento y los estudios de humanidades en Italia y Alemania. Historia de la época de los descubrimientos geográficos. Rusia, Polonia y Livonia hasta el siglo decimoséptimo ( 204, 220, 439 p.) -- VIII. Historia de la Reforma religiosa. La Europa Occidental en tiempos de Felipe II de España, Isabel de Inglaterra y Enrique IV de Francia. La época de la guerra de los Treinta Años (340, 280, 453 p.) -- IX. Historia de la Revolución de Inglaterra. La época de Luis XIV. Historia de Alemania desde la Paz de Westfalia hasta el reinado de Federico el Grande (120, 227, 499 p.) -- X. Época de Federico el Grande. Austria durante los reinados de María Teresa, José II y Leopoldo II. Catalina II ( 560, 172, 270 p.) -- XI. Historia de la Revolución francesa, del Imperio y de la guerra de liberación (810 p.) -- XII. La época de la Restauración y de la Revolución desde 1815 hasta 1851. Historia del segundo Imperio francés y de la fundación del reino de Italia. Los Estados Unidos de la América del Norte y la Guerra separatista (300, 256, 259 p.) -- XIII. Historia de la Cuestión de Oriente. La época del emperador Guillermo ( 240, 695 p. ) -- XV. Primero de la Historia del traje... por Federico Hottenroth (119 lám. ) -- XVI. Segundo de la Historia del traje... por Federico Hottenroth (120 lám.)
650 7 _aHistoria universal
_2embne
_913429
650 4 _aTraje-
_xHistoria.
_9136943
700 1 _aOncken, Wilhelm.
_987057
700 1 _aFernández Cuesta, Nemesio,
_d1818-1893
_949614
700 1 _aHottenroth, Friedrich.
_9155429
710 2 _aMontaner y Simón.
_9134693
740 0 2 _aHistoria del traje.
752 _aEspaña -
_d, Barcelona
852 4 _aES-MaACL
_jB-1778-93
_z- Enc. pasta
999 _c155490
_d155490